| 000 | 00509nam a2200169Ia 4500 | ||
|---|---|---|---|
| 003 | IN-BaIIA | ||
| 008 | 211028s9999 xx s 000 0 eng d | ||
| 020 | _a9780819483690 (Print) | ||
| 020 | _a9780819483706 (Online) | ||
| 040 | _cIIA Library | ||
| 100 |
_aLiang, Rongguang _938516 |
||
| 245 | 0 |
_aOptical Design for Biomedical Imaging _h[eBook] |
|
| 260 |
_aWashington, USA _bSPIE _c2010 |
||
| 300 | _aOnline resource | ||
| 856 |
_uhttps://doi.org/10.1117/3.871548 _yClick Here to Access eBook |
||
| 942 | _cEB | ||
| 999 |
_c22372 _d22372 |
||